[Event "Krakow Malopolski Cup"]
[Site "Krakow"]
[Date "2022.08.04"]
[Round "2"]
[White "Bratajit, Mukherjee"]
[Black "Kusiak, Mateusz"]
[Result "1/2-1/2"]
[WhiteElo "1773"]
[BlackElo "1688"]
[PlyCount "46"]
[EventDate "2022.08.04"]
[EventType "swiss"]
[EventRounds "9"]
[EventCountry "POL"]
[SourceTitle "CBM 209 Extra"]
[Source "ChessBase"]
[SourceDate "2022.09.30"]
[SourceVersion "1"]
[SourceVersionDate "2022.09.30"]
[SourceQuality "1"]

1. e4 c5 2. Nf3 g6 3. d4 cxd4 4. Nxd4 Nc6 5. c4 Nf6 6. Nc3 Nxd4 7. Qxd4 d6 8. Be2 Bg7 9. 0-0 0-0 10. Qd3 a5 11. Kh1 Be6 12. f3 a4 13. Be3 Qa5 14. Rac1 Nd7 15. Qb1 Rfc8 16. Nd5 Bxd5 17. exd5 Qb4 18. Rc2 Rc7 19. Qe1 Qxe1 20. Rxe1 Nc5 21. Bxc5 Rxc5 22. Bd3 Kf8 23. g3 Ra6 1/2-1/2

[Event "Krakow Olimpic op"]
[Site "Krakow"]
[Date "2019.10.04"]
[Round "1"]
[White "Gahan, MG."]
[Black "Bratajit, Mukherjee"]
[Result "1-0"]
[WhiteElo "2185"]
[BlackElo "1492"]
[PlyCount "74"]
[EventDate "2019.10.04"]
[EventType "swiss"]
[EventRounds "5"]
[EventCountry "POL"]
[SourceTitle "EXT 2020"]
[Source "ChessBase"]
[SourceDate "2019.10.17"]
[SourceVersion "1"]
[SourceVersionDate "2019.10.17"]
[SourceQuality "1"]

1. e4 c5 2. c3 d5 3. exd5 Qxd5 4. d4 cxd4 5. cxd4 Nc6 6. Be3 e5 7. Nc3 Bb4 8. dxe5 Qxe5 9. Rc1 Nf6 10. Nf3 Qe7 11. a3 Bc5 12. Qe2 Bxe3 13. Qxe3 Qxe3+ 14. fxe3 0-0 15. h3 Re8 16. Kf2 a6 17. Bd3 g6 18. Na4 Be6 19. Nc5 Rad8 20. Rhd1 Na5 21. Nd4 b6 22. Ncxe6 fxe6 23. b4 Nb7 24. Bxa6 Nd6 25. Rc6 e5 26. Nf3 Nde4+ 27. Ke1 Rb8 28. g4 Re7 29. Rdc1 Kg7 30. Rc7 Rbe8 31. Bb5 Kf8 32. Bxe8 Rxe8 33. Rc8 Nd7 34. a4 Nd6 35. Rxe8+ Kxe8 36. a5 bxa5 37. bxa5 Nb8 1-0